South Eastern Kenya University

Library Online Public Access Catalogue


Business, government, and society / (Record no. 5563)

MARC details
000 -LEADER
fixed length control field 00437cam a2200133 a 4500
020 ## - INTERNATIONAL STANDARD BOOK NUMBER
International Standard Book Number 0023471506
050 00 - LIBRARY OF CONGRESS CALL NUMBER
Classification number HD 3616.U47
Item number G76 1993
100 1# - MAIN ENTRY--PERSONAL NAME
Personal name Greer, Douglas F.
245 10 - TITLE STATEMENT
Title Business, government, and society /
Statement of responsibility, etc. Douglas F. Greer.
250 ## - EDITION STATEMENT
Edition statement 3rd ed.
260 ## - PUBLICATION, DISTRIBUTION, ETC. (IMPRINT)
Place of publication, distribution, etc. New York :
Name of publisher, distributor, etc. Macmillan ;
Place of publication, distribution, etc. Toronto :
Name of publisher, distributor, etc. Collier Macmillan Canada ;
Place of publication, distribution, etc. New York :
Name of publisher, distributor, etc. Maxwell Macmillan International,
Date of publication, distribution, etc. c1993.
300 ## - PHYSICAL DESCRIPTION
Extent xviii, 606 p. :
942 ## - ADDED ENTRY ELEMENTS (KOHA)
Source of classification or shelving scheme Library of Congress Classification
Koha item type General circulation
Holdings
Withdrawn status Lost status Source of classification or shelving scheme Damaged status Not for loan Home library Current library Shelving location Date acquired Total Checkouts Full call number Barcode Date last seen Koha item type
    Library of Congress Classification     Kitui Town Campus Library Kitui Town Campus Library General Stacks 10/07/2015   HD 3616.U47 G76 1993 2015/012284 10/07/2015 General circulation
Kitui, Kenya.
+254736116989
library@seku.ac.ke